|
|
|
|
| LEADER |
00000nbm0a2200000 4500 |
| 001 |
135390 |
| 005 |
20231031140038.0 |
| 035 |
|
|
|a (RuTPU)RU\TPU\book\146735
|
| 090 |
|
|
|a 135390
|
| 100 |
|
|
|a 20080410d1970 k y0rusy50 ca
|
| 101 |
0 |
|
|a rus
|
| 102 |
|
|
|a RU
|
| 105 |
|
|
|a a m 001zy
|
| 200 |
0 |
|
|a Т. 1
|
| 210 |
|
|
|d 1970
|
| 215 |
|
|
|a 182 л.
|c ил.
|
| 320 |
|
|
|a Библиогр.: с.150-182.
|
| 461 |
|
|
|t Закономерности размещения, состояние и оценка минеральных ресурсов дорожностроительных материалов районов нового железнодорожного строительства Сибири и Дальнего Востока
|o Диссертация на соискание ученой степени кандидата геолого-минералогических наук
|o Спец. 04.134
|f Г. Г. Потлов
|g Сибирский научно-исследовательский институт геологии, геофизики и минерального сырья (СНИИГГИМС) ; науч. рук. М. Н. Колобков , Т. И. Гурова
|v Т. 1
|d 1970
|
| 610 |
1 |
|
|a диссертации
|
| 610 |
1 |
|
|a Сибирь
|
| 610 |
1 |
|
|a Дальний Восток
|
| 610 |
1 |
|
|a железнодорожное строительство
|
| 610 |
1 |
|
|a минеральные ресурсы
|
| 610 |
1 |
|
|a строительные материалы
|
| 610 |
1 |
|
|a состояние
|
| 610 |
1 |
|
|a оценка
|
| 610 |
1 |
|
|a закономерности размещения
|
| 675 |
|
|
|a 553.042(04)
|v 3
|
| 686 |
|
|
|a 04.134
|2 oksvnk
|
| 801 |
|
1 |
|a RU
|b 63413507
|c 20080410
|g PSBO
|
| 801 |
|
2 |
|a RU
|b 63413507
|c 20081007
|g PSBO
|
| 942 |
|
|
|c BK
|